00674nam a2200169Ia 4500008004100000020002900041020001500070050002000085082002000105100003100125245008900156260003200245300002200277500003300299505015700332650001500489120622s2000 mx 000 0 spa d a9706135146 (colección) a9706135197 aKB845bI51 2000 a340 bG752c v.6 aIhering, Rudolf voneautor aEstudios jurídicos c / Rudolf Von Ihering ; traducción Adolfo González Posada aMéxicob : Oxfordc, 2000 aix, 196 páginas aIncluye índice analítico aLa lucha por el derecho Del interes en los contratos y del supuesta necesidad del valor patimonial de las presentaciones anteriores Teoria simplificada14aJURÍDICO